000 00655nam a22002051 4500
001 bimo0001389536
003 OSt
005 20140830213003.0
008 960922s1962 sp spa
040 _aSpMaBN
_bspa
_cBMC
082 _a920 Salamanca y Mayol, José de
100 1 _9529
_aRomanones, Álvaro de Figueroa y Torres
_cConde de
_d1863-1950
245 1 0 _aSalamanca
_b: conquistador de riqueza, gran señor
_cConde de Romanones
260 0 _aMadrid
_bEspasa-Calpe
_c1962
300 _a153 p.
_c18 cm
490 0 _aAustral
_v1316
600 1 1 _aSalamanca y Mayol, José de
_91251
_xBiografías
651 4 _91244
_aVenecia
_xHistoria
942 _2ddc
_cBK
999 _c831
_d831